书目信息 |
| 题名: |
塑料管道标准汇编
|
|
| 作者: | ;中国标准出版社 编 | |
| 分册: | 产品卷 | |
| 出版信息: | 北京 中国标准出版社 2010 |
|
| 页数: | 955页 | |
| 开本: | 30cm | |
| 丛书名: | ||
| 单 册: | ||
| 中图分类: | TQ320.72-65 | |
| 科图分类: | ||
| 主题词: | 塑料管材--标准--中国--汇编 , 塑料管材--国家标准--中国--汇编 , 塑料管材 | |
| 电子资源: | ||
| ISBN: | 978-7-5066-5772-3 | |
| 000 | 00858nam0 2200241 450 | |
| 001 | 140850 | |
| 005 | 20140929152550.34 | |
| 010 | @a978-7-5066-5772-3@dCNY 280.00 | |
| 100 | @a20100727d2010 em y0chiy50 ea | |
| 101 | 0 | @achi |
| 102 | @aCN@b110000 | |
| 105 | @aak l 000yy | |
| 200 | 1 | @a塑料管道标准汇编@Asu liao guan dao biao zhun hui bian@i产品卷@b专著@f中国标准出版社第二编辑室编 |
| 210 | @a北京@c中国标准出版社@d2010 | |
| 215 | @a955页@c图@d30cm | |
| 330 | @a本汇编为产品卷,收集了截止到2010年1月底前发布的有关塑料管道方面的国家标准,共61项,标准修改单1项。 | |
| 606 | 0 | @a塑料管材@x标准@y中国@j汇编 |
| 606 | 0 | @a塑料管材@x国家标准@y中国@j汇编 |
| 606 | 0 | @a塑料管材 |
| 690 | @aTQ320.72-65@v4 | |
| 711 | 02 | @a中国标准出版社@Azhong guo biao zhun chu ban she@b第二编辑室@4编 |
| 801 | 0 | @aCN@b110019@c20140929 |
| 905 | @a241430@dTQ320.72-65@eZ548 | |
| 塑料管道标准汇编.产品卷/中国标准出版社第二编辑室编.-北京:中国标准出版社,2010 |
| 955页:图;30cm |
| ISBN 978-7-5066-5772-3:CNY 280.00 |
| 本汇编为产品卷,收集了截止到2010年1月底前发布的有关塑料管道方面的国家标准,共61项,标准修改单1项。 |
| ● |
| 相关链接 |
|
|
|
正题名:塑料管道标准汇编
索取号:TQ320.72-65/Z548
 
预约/预借
| 序号 | 登录号 | 条形码 | 馆藏地/架位号 | 状态 | 备注 |
| 1 | 0836337 | 208363377 | 自科库501/501自科库 140排8列6层/ [索取号:TQ320.72-65/Z548] | 在馆 |